| 000 | 01077nam a22003137a 4500 | ||
|---|---|---|---|
| 003 | CHAP | ||
| 005 | 20220329133952.0 | ||
| 008 | 971013s1994 r 00010 d | ||
| 010 | _a13392 | ||
| 011 | _a14364 | ||
| 035 | _a18437 | ||
| 040 | _cCHAP | ||
| 090 | _aTesis | ||
| 100 | 0 | 0 |
_aVázquez Navarrete, César Jesús. _9120451 |
| 245 | _aAplicación de colectores planos en los requerimientos de calor en la agricultura | ||
| 260 |
_aChapingo, Méx. : _bEl autor, _c1994 |
||
| 300 |
_a130 h. _b: ilus. ; gráfs. |
||
| 502 | _aTesis (Ing. Mecánico Agrícola) -- UACH. Departamento de Ingeniería Mecánica Agrícola | ||
| 590 |
_aALEPH _b10 _c20130110 _lUCH01 _h1232 |
||
| 590 |
_aBATCH-UPD _b10 _c20130110 _lUCH01 _h1612 |
||
| 590 |
_aBATCH-UPD _b10 _c20130410 _lUCH01 _h1007 |
||
| 590 |
_aBATCH-UPD _b10 _c20130914 _lUCH01 _h1307 |
||
| 590 |
_aCONVERSION _b10 _c20130109 _lUCH01 _h1309 |
||
| 650 | 1 | 4 |
_aEnergía solar en agricultura. _936913 |
| 650 | 1 | 4 |
_aEnergía y agricultura. _936915 |
| 901 | _aBK | ||
| 942 | _cTESIS | ||
| 949 |
_bBC _cTES _d-43009 _eTS1 _h30210 _i18437 _si |
||
| 999 |
_c13392 _d13392 |
||